Loading...
| Science - Physics | 0 | 9 | 1 | 0 | 85 | 31 | 49.89 | 2 | 8 | 0.00 | 0.00 |
| Science - Other | 0 | 8 | 1 | 3 | 75 | 18 | 69.63 | 4 | 6 | 0.00 | 0.00 |
| Science - Biology | 0 | 5 | 1 | 0 | 45 | 59 | 69.20 | 0 | 3 | 0.00 | 0.00 |
| Geography | 0 | 1 | 0 | 0 | 10 | 47 | 47.00 | 0 | 0 | 0.00 | 0.00 |
| Religion | 0 | 1 | 0 | 0 | 10 | 75 | 75.00 | 0 | 0 | 0.00 | 0.00 |
| Science - Chemistry | 0 | 3 | 4 | 1 | 10 | 34 | 68.33 | 0 | 2 | 0.00 | 0.00 |
| Philosophy | 0 | 1 | 0 | 1 | 10 | 106 | 106.00 | 0 | 0 | 0.00 | 0.00 |
| History - European | 0 | 1 | 0 | 0 | 10 | 81 | 81.00 | 0 | 0 | 0.00 | 0.00 |
| Mythology | 0 | 1 | 0 | 1 | 10 | 109 | 109.00 | 0 | 0 | 0.00 | 0.00 |
| History - Other | 0 | 1 | 1 | 1 | 5 | 115 | 115.00 | 0 | 0 | 0.00 | 0.00 |
| History - American | 0 | 0 | 0 | 0 | 0 | 0.00 | 0 | 0 | 0.00 | 0.00 |